LEADER 01448nam a2200289 i 4500 001 000000259272 003 CaOOAMICUS 005 20180725000000.0 008 180725s2002 xx u000 u lat u 013 $a238180 020 $a88-7013-192-0 040 $aSeMil$bita 100 1 $aPeckham, John.$0(OLS)http://semarc/name/93731 245 10$aIoannis Pecham Quaestiones disputatae /$ceditionem curaverunt Girard J. Etzkorn, Hieronymus Spettmann, Livarius Oliger. 260 $aGrottaferrata (Roma) :$bEditiones Collegii S. Bonaventurae ad Claras Aquas,$c2002. 300 $aXXIII, 669 p. ;$c24 cm. 490 0 $aBibliotheca franciscana scholastica Medii Aevi ;$v28. 700 1 $aOliger, Livarius.$0(OLS)http://semarc/name/40407 700 1 $aSpettmann, Hieronymus.$0(OLS)http://semarc/name/95068 700 1 $aEtzkorn, Girard J.,$d<1927- >.$0(OLS)http://semarc/name/90578 830 0$aBibliotheca franciscana scholastica Medii Aevi ;$v28.$0(OLS)http://semarc/title/400182 850 $aSeMil 852 $aSeMil$W1$xVenegono$y1$m2N IV 628$j234610$B209617$CSeMilBibl$Z2$F223283 $81 961 $aAcquisto: Frati Editori di Quaracchi 996 $6020$a88-7013-192-0$9(OLS)http://semarc/number/284923 996 $6245$aIoannis Pecham Quaestiones disputatae$9(OLS)http://semarc/title/414062 996 $6260$aGrottaferrata (Roma) :$bEditiones Collegii S. Bonaventurae ad Claras Aquas$9(OLS)http://semarc/publisher/42632 LEADER 01437nam a2200289 i 4500 001 000000000960 003 CaOOAMICUS 005 20250918113004.0 008 180830s1853 it u000 u ita u 040 $aSeMil$bita 100 1 $aKnoll, Albert,$d<1796-1863>.$0(OLS)http://semarc/name/828 245 10$aInstitutiones theologiae theoreticae seu dogmatico-polemicae concinnatae /$ca reverendissimo p. Alberto a Bulsano. 260 $aTaurini :$bEx Typis Hyacinthi Marietti,$c1853-1859. 300 $a6 v. ;$c25 cm. 650 4$aTeologia - Manuali.$0(OLS)http://semarc/subject/315 650 4$aTeologia dogmatica - Opere anteriori al 1900.$0(OLS)http://semarc/subject/320 774 0 $tDe Deo in se spectato.$gVol.1$w()48209 774 0 $tDe Deo in relatione ad mundum spectato.$gVol.2$w()217081 774 0 $tDe Deo lapsi humani generis redemptore.$gVol.3$w()217083 774 0 $tDe Deo hominum sanctificatore, De Gratia Christi et de Sacramentis in genere.$gVol.4$w()217084 774 0 $tDe Deo hominum sanctificatore sectio secunda, De sacramentis.$gVol.5$w()217085 774 0 $tDe Deo omnium consummatore.$gVol.6$w()217082 900 0 $aAlberto : da Bulsano. 996 $6245$aInstitutiones theologiae theoreticae seu dogmatico-polemicae concinnatae$9(OLS)http://semarc/title/1522 996 $6260$aTaurini :$bEx Typis Hyacinthi Marietti$9(OLS)http://semarc/publisher/37412